01143nam a22002657a 450000100060000000300080000600500170001400800410003102000150007203500200008704000350010704100080014208200240015010000310017424500620020526001390026730000240040649000380043065000350046870000260050394200120052999900170054195201600055895201590071867832BD-RjUL20211209081710.0170329s1997 ii |||| |||| 000 0 eng d a8171694187 a(BD-RjUL) 68041 aBD-RjULbengcBD-RjULdBD-RjUL aeng 223a630.7bUTA 1997 aSingh, Uttam Kumar9201094 aAgricultural education /cUttam Kumar Singh and A K Nayak aNew Delhi :b Commonwealth Publishers in association with Dr. Zakir Hussain Institute for Non-formal and Continuing Education, cc1997 av, 419 p. ;c22 cm. aRecent trends in education series aAgricultural Education9116957 aNayak, A K .9201095 2ddccBK c67832d67832 00102ddc40718NFICaRUCLbRUCLcReadingd2005-10-05eDhaka, Paragon Enterprise Ltd.g850.00l0o630.7 UTA 1997r2017-03-29 00:00:00tC-1w2017-03-29yBK 00102ddc40708NFICaRUCLbRUCLcStackd2005-12-20eDhaka, Paragan Enterprises ltd.g850.00l0o630.7 UTA 1997r2017-04-20 00:00:00tC-2w2017-04-20yBK